00681nam a22001937a 450000500170000001000130001702000260003003500130005603700100006908200140007910000280009324500590012126000420018027000640022230000220028694200280030899900170033695201340035320110906110347.0 aG-001350 c595.00a9788190317822 aG-001350 bGift  a791.44023 aChaudhary, J.K. 934463 aBuild your career as radio jockey /cby J.K. Chaudhary aPanchkula bHoliday Book Store c2009 aS.C.O. 43, First Floor, Swastik Vihar MDCbPanchkula (H.R.) a238p. c23cm(Hb)  2ddccENh791.44023mCHA c56358d56358 001040708NFICaJPbJPd2011-09-06egiftg595.00l8m2o791.44023 CHApG-001350r2016-06-15 00:00:00s2016-06-09t1v595.00yEN